000 01154nam a2200277Ia 4500
001 ebr10053301
003 CaPaEBR
006 m u
007 cr cn|||||||||
008 040624s2002 nyua gsb 001 0 eng d
020 _z0306475510
040 _aCaPaEBR
_cCaPaEBR
035 _a(OCoLC)70720679
050 1 4 _aQD569
_b.E43 2002eb
245 0 0 _aElectrochemical activation of catalysis
_h[electronic resource] :
_bpromotion, electrochemical promotion, and metal-support interactions /
_cCostas G. Vayenas ... [et al.].
260 _aNew York :
_bKluwer Academic,
_cc2002.
300 _axxxii, 574 p. :
_bill.
504 _aIncludes bibliographical references and index.
533 _aElectronic reproduction.
_bPalo Alto, Calif. :
_cebrary,
_d2009.
_nAvailable via World Wide Web.
_nAccess may be limited to ebrary affiliated libraries.
650 0 _aCatalysis.
650 0 _aElectrocatalysis.
655 7 _aElectronic books.
_2local
700 1 _aVayenas, C. G.
_q(Costas G.)
710 2 _aebrary, Inc.
856 4 0 _uhttp://site.ebrary.com/lib/rucke/Doc?id=10053301
_zAn electronic book accessible through the World Wide Web; click to view
999 _c66186
_d66186